| 000 | 00525nam a2200145 i 4500 | ||
|---|---|---|---|
| 001 | 50232 | ||
| 003 | ES-MaACL | ||
| 007 | t| | ||
| 008 | 030801s1928 sp ||||1| spa d | ||
| 100 | 1 |
_aCuesta Gutiérrez, Luisa. _942061 |
|
| 245 | 1 | 3 |
_aLa obra de Don Pedro de la Gasca en América _b: contribución al estudio de la política colonizadora de España en América durante el siglo XVI / _cLuisa Cuesta Gutiérrez. |
| 260 |
_aSantiago : _bEl Eco Franciscano, _c1928. |
||
| 300 |
_a76 p. ; _c25 cm. |
||
| 852 |
_aES-MaACL _jB-4552 |
||
| 999 |
_c50232 _d50232 |
||